000 00321nam a2200121Ia 4500
008 230627s9999 xx 000 0 und d
041 _aeng
082 _a345.54
_bSAX
100 _aSaxena R. N
245 _aIndian Penal Code (Act No. Xlv Of 1860)
250 _a15ed.
260 _aAllahabad
_bCentral Law Publcations
_c1998
999 _c702646
_d702646